000 00575nam a2200205Ia 4500
008 191130s2002##################000#0#eng##
020 _a9781591020073
040 _aACL
_cACL
082 _a305.42 GAG
100 _aJoslyn Gage, Matilda
245 _aWoman, church, and state
_cMatilda Joslyn Gage
260 _aAmherst, N.Y
_b[publisher not identified]
_c2002
300 _a525p.: 23c.m
500 _aIncludes index
650 _aWomen rights
650 _aWomen-social condition
990 _a8a6ec04eac10000c5fb8372b1e2e8df9
991 _a199273
999 _c97765
_d97765